000 00749nam a22002177a 4500
005 20250905123632.0
008 200317b ||||| |||| 00| 0 eng d
020 _a9780687642359
050 _aBL263
_b.H37 2008
100 _aHarrell, Daniel M., 1961-
245 _aNature's witness :
_bhow evolution can inspire faith
260 _aNashville :
_bAbingdon Press,
_c2008
300 _ax, 165 pages ;
_c23 cm.
440 _aLiving theology
500 _aIncludes bibliographical references (p. 153-159) and indexes.
650 _aTheology, Doctrinal.
650 _aEvolution (Biology)
_xReligious aspects
_xChristianity.
650 _aNature
_xReligious aspects
_xChristianity.
650 _aReligion and science.
942 _2lcc
_cBK
999 _c55434
_d55434